MARC

LEADER 00000nam0a2200000 4500
001 299745
005 20231102001231.0
020 |a RU  |b 82-90515 
035 |a (RuTPU)RU\TPU\book\324897 
090 |a 299745 
100 |a 20150702d1982 k y0rusy5003 ca 
101 0 |a rus 
102 |a RU 
105 |a y z 001zy 
200 1 |a Государство Израиль : экономика и политика  |f Академия наук СССР (АН СССР), Институт востоковедения (ИВ) ; под ред. А. Ф. Федченко 
210 |a Москва  |c Наука  |d 1982 
215 |a 197 с. 
320 |a Библиография в конце статей 
606 |a Израиль  |x Внутренняя политика  |2 stltpush  |3 (RuTPU)RU\TPU\subj\72932  |9 86271 
610 1 |a экономика 
610 1 |a политика 
610 1 |a международные отношения 
610 1 |a развитие 
686 |a Ф3(5И)  |2 rubbk 
702 1 |a Федченко  |b А. Ф.  |g Алексей Федорович  |4 340 
712 0 2 |a Академия наук СССР (АН СССР)  |b Институт востоковедения (ИВ)  |c (Москва)  |2 stltpush  |3 (RuTPU)RU\TPU\col\11263 
801 0 |a RU  |b RuMRKP  |c 19950704  |g psbo 
801 1 |a RU  |b 63413507  |c 20150702 
801 2 |a RU  |b 63413507  |c 20171113  |g RCR 
942 |c BK